Teach yourself visually flash mx

Bibliographic Details
Main Author: Maran, Ruth
Format: Book
Published: New york : Wiley publishing inc , 2002
Subjects:

MARC

LEADER 00000cam a2200000 7i4500
001 0000013763
005 20050617.0
020 |a 0764536613 
040 |a INS 
090 0 0 |a TR897.7   |b M374 2002 
100 1 |a Maran, Ruth 
245 1 0 |a Teach yourself visually flash mx   |c Ruth Maran 
260 |a New york :   |b Wiley publishing inc ,   |c 2002 
300 |a 4 :   |b 307p. ;   |c 23cm. 
650 0 0 |a Computer animation 
650 0 0 |a Flash (computer file) 
650 0 0 |a Web sites   |x Design 
999 |a 0000010932   |b BOOK   |c Open Shelf   |e Default branch